000 00655nam a22001817a 4500
999 _c15047
_d15047
003 OSt
082 _2631.56 SUN/DE
088 _aT 253
100 _aSUNITHA C. P
_93675
245 _aDevelopment of process protocol for Garcinia Cambogia powder
260 _aTavanur 2012
_bKelappaji College of Agricultural Engineering and Technology
300 _a160
500 _aDevelopment of process protocol for Garcinia Cambogia powder
520 _aDevelopment of process protocol for Garcinia Cambogia powder
700 _aDr. Santhi Mary Mathew (Guide)
_93359
856 _uhttps://drive.google.com/open?id=1DohIeFw3SnuI9OIw1G1nuK6FhCE5gpBf
942 _cTH